Commercial Jingles (US) Quiz Stats

 Plays Quiz Updated Nov 24, 2018

Challenge
Share
Tweet
Score 0/38 Timer 10:00
1 Play Today
Time Product Name % Correct
0:30-0:37Meow Mix
89.2%
0:52-0:59Rice Krispies
88.7%
2:12-2:19Subway
88%
2:35-2:42Kit Kat
87.7%
0:15-0:22Folger's
86.9%
1:50-1:56Frosted Flakes
82.8%
3:13-3:19Big Mac
81.8%
1:16-1:22Coca-Cola
78.7%
4:35-4:41Toys 'R' Us
76%
2:05-2:11Apple Jacks
74.3%
0:07-0:14Wendy's
73.3%
3:28-3:34Pepsi
73.3%
1:37-1:43Dr Pepper
72.9%
0:38-0:44Chili's
71.9%
1:44-1:49Fanta
70.2%
3:42-3:47Pepto-Bismol
69.6%
1:31-1:36Ring Pop
68.4%
4:20-4:26Chuck E. Cheese's
68.4%
2:58-3:04Lite Brite
67.4%
Time Product Name % Correct
1:00-1:06Oscar Mayer
65.5%
1:07-1:15FreeCreditReport.com
63.9%
1:23-1:30Mentos
63.8%
4:04-4:11Slinky
48.3%
0:23-0:29Chia Pet
45.5%
2:43-2:49Campbell's
45.2%
3:05-3:12Texas Double Whopper
37.3%
2:27-2:34K9 Advantix
36.2%
3:35-3:41Kool-Aid
35.3%
0:00-0:06Twister
35%
1:57-2:04Budweiser
33.1%
3:56-4:03Gatorade
31.4%
2:50-2:57Tootsie Roll
29.8%
4:12-4:19Sock'em Boppers
26.4%
4:27-4:34Starburst
23%
2:20-2:26Honey Nut Cheerios
17.1%
3:48-3:55Chips Ahoy!
16%
3:20-3:27Mr. Clean
12.4%
0:45-0:51Good & Plenty
10.6%

You're not logged in!

Compare scores with friends on all Sporcle quizzes.
OR
Log In

You Might Also Like...

Show Comments

Extras

Top Quizzes Today


Score Distribution

Your Account Isn't Verified!

In order to create a playlist on Sporcle, you need to verify the email address you used during registration. Go to your Sporcle Settings to finish the process.

Report this User

Report this user for behavior that violates our Community Guidelines.

Details: